000 00645nam a2200229Ia 4500
001 10162
003 GE_BSU
008 181216s||||||||xx |||||||||||||| ||und||
040 _cGE_BSU
080 _a821.353.1–31
100 _aსულიაშვილი,დავით
245 _aმეორე დღე
245 _bრომანი
245 _cრედ.ა.კელენჯერიძე
260 _aთბილისი
260 _bსაბჭ.მწერალი
260 _c1950
300 _a222გვ.21სმ.
653 _aმეორე დღე
653 _aრომანი
942 _cBK
999 _c43432
_d43432